000 00608nam a2200181 i 4500
001 124902
003 ES-MaACL
005 20230906192523.0
007 t|
008 070424s1943 sp ||||1| spa d
245 0 0 _aSeguro de Enfermedad
_b: Ley de 14 de diciembre de 1942.
260 _aMadrid :
_bPublicaciones del Instituto Nacional de Previsión,
_c1943.
300 _a16 p. ;
_c21 cm.
490 1 _aPublicaciones del Instituto Nacional de Previsión ;
_v553
830 0 _aPublicaciones del Instituto Nacional de Previsión ;
_v553
_9181151
852 _aES-MaACL
_jC-12658(8)
999 _c124902
_d124902